Matroid theory

Αποθηκεύτηκε σε:
Λεπτομέρειες βιβλιογραφικής εγγραφής
Κύριος συγγραφέας: Oxley, J. G.
Μορφή: Βιβλίο
Γλώσσα:English
Δημοσίευση: Oxford ; New York : Oxford University Press, 2006, c1992
Σειρά:Oxford graduate texts in mathematics ; ; 3
Θέματα:
Ετικέτες: Προσθήκη ετικέτας
Δεν υπάρχουν, Καταχωρήστε ετικέτα πρώτοι!

MARC

LEADER 00000nam a2200000 i 4500
001 1/73674
008 990318s19922006 eng d
020 |a 0-19-920250-8 
020 |a 978-0-19-920250-8 
020 |a 0-19-853563-5 
020 |a 978-0-19-853563-8 
035 |l 10048865 
040 |a GR-MY-UA  |b eng  |e aacr 
041 0 |a eng 
082 0 |a 511.6  |2 (22) 
100 1 |a Oxley, J. G. 
245 1 0 |a Matroid theory /  |c James G. Oxley 
260 |a Oxford ; New York :   |b Oxford University Press,   |c 2006, c1992 
300 |a xi, 532 σ.;  |b εικ.;  |c 25 εκ. 
490 1 |a Oxford graduate texts in mathematics  |v ; 3 
500 |a 1η χαρτόδετη έκδοση 2006 
504 |a Περιέχει βιβλιογραφικές αναφορές (σ.479-500) και ευρετήριο 
650 0 0 |a Matroids. 
830 0 |a Oxford graduate texts in mathematics ;  |v ; 3 
852 |a INST  |b SAMOS  |e 19990318  |h 511.6 OXL  |p 005300013172  |q 005300013172  |t BK  |y 0 
852 |a INST  |b SAMOS  |e 20070821  |h 511.6 OXL  |p 005300028473  |q 005300028473  |t BK  |y 0 
901 |a BIBL3-2007-2 
901 |a BIBL-1999-1 
909 |a Σ  |b 137096 
909 |a Σ  |b 063145 
922 |a 3ΕΛΗ  |b 200207  |c ΕΠΕΑΕΚ2/ΤΜΗΜΑ ΜΑΘΗΜΑΤΙΚΩΝ  |d ΠΑΠΑΣΩΤΗΡΙΟΥ 
922 |a 3ΕΛΗ  |b 199902  |c ΕΠΕΑΕΚ/ΜΑΘ  |d LEADER 
970 |a ΚΟΣΙΕΡΗΣ  |b ΧΡΗΣΤΟΣ  |z 2007/08/21